000 00434nmm a2200145Ia 4500
008 251105s9999||||xx |||||||||||||||||und||
041 _aspa
100 _aChopra, Deepak
245 0 _aDigestión perfecta :
_b Serie Salud Perfecta
264 _a[Madrid, España] :
_bEdiciones B,
_c2015
300 _a144 páginas
650 _aMind, body and spirituality
856 _uhttps://public.digitaliapublishing.com/a/53294
942 _cCF
999 _c105297
_d105297